Community rights, patents on life and benefit-sharing schemes: fair and equitable? (Registro nro. 11351)

Detalles MARC
000 -CABECERA
Campo de control 004550000a22001570004500
090 ## - CLASIFICACIÓN LOCAL
Colección AR
Consecutivo 02279
041 0# - IDIOMA
Código de idioma para texto/pista de sonido o título separado
110 1# - ASIENTO PRINCIPAL--NOMBRE CORPORATIVO
Nombre corporativo o de jurisdicción como elemento de entrada Gaia Foundation
245 10 - MENCION DE TITULO
Título Community rights, patents on life and benefit-sharing schemes: fair and equitable?
650 14 - ASIENTO SECUNDARIO DE MATERIA - TERMINO TEMATICO
Término temático o nombre geográfico como elemento de entrada Patentes
650 14 - ASIENTO SECUNDARIO DE MATERIA - TERMINO TEMATICO
Término temático o nombre geográfico como elemento de entrada Recursos genéticos
650 14 - ASIENTO SECUNDARIO DE MATERIA - TERMINO TEMATICO
Término temático o nombre geográfico como elemento de entrada Farmaceútica
650 14 - ASIENTO SECUNDARIO DE MATERIA - TERMINO TEMATICO
Término temático o nombre geográfico como elemento de entrada Biocomercio
773 1# - Item fuente:
Título Preprint
Especificación de materiales 3
Paginas del Articulo 1-15
Lugar, editorial y fecha de publicación 1998
942 ## - ELEMENTOS ADICIONALES (KOHA)
Tipo de ítem Artículo
Existencias
Withdrawn status Lost status Damaged status No para préstamo Colección Ubicación Permanente Ubicación actual Fecha de adquisición Fuente de Valor Datos de publicación Seriada Total Checkouts Número topográfico Inventario / Código de Barras Date last seen Ejemplar Price effective from Forma de adquisición Tipo de material
      No para Préstamo Hemeroteca Bogotá Bogotá 27/02/2015 Franco, Ana María Fuera de circulación   AR 02279 012668 25/03/2015 1 25/03/2015   Artículo